000 00173 a2200097 4500
020 _a051488007999
041 _aeng
100 _aArthur Dorros
245 _aAbuela
942 _cBK
999 _c292
_d292